Về báo chí /
Đã lưu trong:
| Tác giả chính: | |
|---|---|
| Định dạng: | Sách giấy |
| Ngôn ngữ: | Vietnamese |
| Được phát hành: |
H. :
Chính trị Quốc gia,
2004
|
| Phiên bản: | In lần thứ hai, có bổ sung |
| Những chủ đề: | |
| Các nhãn: |
Thêm thẻ
Không có thẻ, Là người đầu tiên thẻ bản ghi này!
|
| Thư viện lưu trữ: | Thư viện Trường Đại học Đà Lạt |
|---|
| LEADER | 00880nam a2200349 4500 | ||
|---|---|---|---|
| 001 | DLU060000105 | ||
| 005 | ##20060227 | ||
| 040 | # | # | |a DLU |b vie |
| 041 | # | # | |a vie |
| 044 | # | # | |a vn |
| 082 | # | # | |a 070.4 |b HO-M |
| 100 | # | # | |a Hồ Chí Minh, |c Chủ tịch, |d 1890-1969 |
| 245 | # | # | |a Về báo chí / |c Hồ Chí Minh |
| 250 | # | # | |a In lần thứ hai, có bổ sung |
| 260 | # | # | |a H. : |b Chính trị Quốc gia, |c 2004 |
| 300 | # | # | |a 294 tr. ; |c 21 cm |
| 653 | # | # | |a Báo chí |
| 653 | # | # | |a Hồ Chí Minh,1890-1969 |
| 653 | # | # | |a Tư tưởng Hồ Chí Minh |
| 653 | # | # | |a Thư từ |
| 720 | # | # | |a Nguyễn Ái Quốc |
| 720 | # | # | |a Nguyễn Tất Thành |
| 923 | # | # | |a 65/2005 |
| 992 | # | # | |a 35.000 |
| 994 | # | # | |a DLU |
| 900 | # | # | |a True |
| 911 | # | # | |a Đào Thị Thu Huyền |
| 925 | # | # | |a G |
| 926 | # | # | |a A |
| 927 | # | # | |a SH |
| 980 | # | # | |a Thư viện Trường Đại học Đà Lạt |